Science in the age of computer simulation / (رقم التسجيلة. 32293)

تفاصيل مارك
000 -الفاتح
حقل البيانات ثابتة الطول 01485cam a22003618a 4500
001 - رقم الضبط
رقم الضبط 16166714
003 - محدد رقم الضبط
رقم الضبط OSt
005 - وقت وتاريخ اخر تعامل مع التسجيلة
رقم الضبط 20150408114154.0
008 - عناصر البيانات ثابتة الطول - معلومات عامة
حقل البيانات ثابتة الطول 100331s2010 ilu b 001 0 eng c
010 ## - رقم ضبط مكتبة الكونجرس
رقم ضبط مكتبة الكونجرس 2010013703
020 ## - الرقم الدولى المعيارى للكتب
الرقم الدولى المعيارى للكتاب 9780226902029 (cloth : alk. paper)
020 ## - الرقم الدولى المعيارى للكتب
الرقم الدولى المعيارى للكتاب 9780226902043 (pbk. : alk. paper)
020 ## - الرقم الدولى المعيارى للكتب
الرقم الدولى المعيارى للكتاب 0226902021 (cloth : alk. paper)
020 ## - الرقم الدولى المعيارى للكتب
الرقم الدولى المعيارى للكتاب 0226902048 (pbk. : alk. paper)
040 ## - مصدر الفهرسة
وكالة الفهرسة الأصلية ICU/DLC
وكالة النسخ DLC
042 ## - رمز التحقق
رمز التحقق pcc
050 00 - رقم طلب مكتبة الكونجرس
رقم التصنيف Q175.32.K46
رقم المادة W56 2010
082 00 - رقم تصنيف ديوى العشرى
رقم التصنيف 507.2
رقم الطبعة 22
رقم المادة WES
100 1# - المدخل الرئيسى - إسم شخصى
الإسم الشخصى Winsberg, Eric B.
9 (RLIN) 40351
245 10 - بيان العنوان
العنوان Science in the age of computer simulation /
بيان المسئوليه,etc Eric B. Winsberg.
260 ## - PUBLICATION, DISTRIBUTION, ETC. (IMPRINT)
مكان الناشر او الموزع Chicago :
اسم الناشر او الموزع The University of Chicago Press,
تاريخ النشر أو التوزيع 2010.
300 ## - الوصف المادى
التعداد xi, 152 p. ;
أبعاد الوعاء 24 cm.
504 ## - تبصرة ببليوجرافية
تبصرة ببليوجرافية,الخ Includes bibliographical references (p. 139-145) and index.
505 0# - تبصرة محتويات-الفهرس
تبصرة المحتويات المصاغة Introduction -- Sanctioning models : theories and their scope -- Methodology for a virtual world -- A tale of two methods -- When theories shake hands -- Models of climate : values and uncertainties -- Reliability without truth -- Conclusion.
650 #0 - المدخل الاضافى بالموضوع-مصطلح موضوعى
مصطلح موضوعي أو اسم جغرافي كعنصر مدخل Science
التقسيم الفرعي العام Data processing
-- Philosophy.
9 (RLIN) 40352
650 #0 - المدخل الاضافى بالموضوع-مصطلح موضوعى
مصطلح موضوعي أو اسم جغرافي كعنصر مدخل Knowledge, Theory of.
9 (RLIN) 13962
650 #0 - المدخل الاضافى بالموضوع-مصطلح موضوعى
مصطلح موضوعي أو اسم جغرافي كعنصر مدخل Science
التقسيم الفرعي العام Experiments
-- Computer simulation.
9 (RLIN) 40353
650 #0 - المدخل الاضافى بالموضوع-مصطلح موضوعى
مصطلح موضوعي أو اسم جغرافي كعنصر مدخل Science
التقسيم الفرعي العام Methodology.
9 (RLIN) 10586
650 #0 - المدخل الاضافى بالموضوع-مصطلح موضوعى
مصطلح موضوعي أو اسم جغرافي كعنصر مدخل Science
التقسيم الفرعي العام Philosophy.
9 (RLIN) 40354
906 ## - عنصر بيانات محلى F, LDF (RLIN)
a 7
b cbc
c orignew
d 1
e ecip
f 20
g y-gencatlg
942 ## - عناصر المدخل الإضافي( كوها)
مصدر التصنيف او مخطط الترفيف Dewey Decimal Classification
Koha [default] item type DVD
المقتنيات
حالة الفقد نموذج السعر الفعال حالة تلف ليس للاعارة رقم الطلب تاريخ الاكتساب الموقع الحالي الفرع الرئيسي Date last seen نوع المادة فى نظام كوها مصدر التصنيف او خطة الترفيف Total Checkouts
  2013-11-17     507.2 WES 2013-11-17 المكتبة المركزية بالمجمعة (CL) المكتبة المركزية بالمجمعة (CL) 2013-11-17 كتاب Dewey Decimal Classification